Library practice for colleges of education /

Saved in:
Bibliographic Details
Other Authors: Furlong, Norman (ed.)
Format: Book
Language:English
Published: London : Library Association, 1966.
Subjects:
LEADER 00778nam a2200205 i 4500
001 c000146210
003 CARM
005 00000000000000.0
008 751127s1966 ka 00000 eng d
019 1 |a 1909030  |z 22612865  |5 LACONCORD2021 
035 |a (OCoLC)861696  |5 LACONCORD2021 
245 0 0 |a Library practice for colleges of education /  |c edited by Norman Furlong. 
260 |a London :  |b Library Association,  |c 1966. 
300 |a 240p. :  |b illus. ;  |c 23cm. 
650 0 |a Academic libraries. 
700 1 1 |a Furlong, Norman,  |e ed. 
852 8 |b CARM  |h A2:AE03B0  |i B00095  |p 0020761  |f BK 
082 0 4 |a 027.7 
999 f f |i e897c5f3-a170-58bd-842d-4996f5e1cd17  |s 44a72759-ba54-543b-b7b2-64d8c0890af2 
952 f f |p Can circulate  |a CAVAL  |b CAVAL  |c CAVAL  |d CARM 1 Store  |e B00095  |f A2:AE03B0  |h Other scheme  |i book  |m 0020761